Pokémon Regionalformen - Statistiken

Allgemein
  • Dieses Quiz wurde 317 mal gespielt
    316 seit der letzten Aktualisierung
  • Das Durchschnittsergebnis liegt bei 36 aus 56
Antwortstatistiken
Hint Antwort % Korrekt
Alola Kokowei
89%
Alola Mauzi
89%
Galar Mauzi
89%
Alola Vulpix
84%
Alola Vulnona
83%
Alola Snobilikat
82%
Alola Sandamer
77%
Alola Sandan
77%
Alola Raichu
76%
Hisui Fukano
74%
Alola Rattfratz
74%
Alola Rattikarl
74%
Hisui Arkani
73%
Hisui Tornupto
73%
Alola Digda
71%
Alola Digdri
71%
Alola Knogga
71%
Hisui Silvarro
69%
Alola Sleimok
69%
Hisui Admurai
68%
Galar Ponita
68%
Alola Sleima
68%
Galar Gallopa
67%
Galar Lavados
65%
Paldea Tauros
65%
Galar Arktos
64%
Alola Kleinstein
64%
Galar Smogmog
64%
Galar Zapdos
64%
Alola Georok
63%
Alola Geowaz
63%
Hisui Lektrobal
63%
Hisui Voltobal
63%
Galar Lahmus
60%
Hisui Zorua
60%
Galar Flegmon
59%
Galar Pantimos
59%
Galar Zigzachs
59%
Galar Geradaks
58%
Galar Porenta
58%
Paldea Felino
56%
Galar Laschoking
56%
Hisui Sniebel
56%
Hisui Zoroark
56%
Hisui Dressella
54%
Hisui Washakwil
54%
Hisui Baldorfish
52%
Hisui Barschuft
50%
Hisui Arktilas
46%
Hisui Viscogon
45%
Galar Corasonn
44%
Hisui Viscargot
44%
Galar Flampion
43%
Galar Flampivian
41%
Galar Flunschlik
41%
Galar Makabaja
40%
Keine übereinstimmenden Quizze gefunden
Verteilung der Resultate
Anzahl Personen mit jedem Resultat
Perzentil nach korrekt beantworteten Fragen
Ihre Resultats-Entwicklung
Sie haben dieses Quiz seit der letzten Aktualisierung nicht gespielt